Tropical plant science (Record no. 81448)
[ view plain ]
| 000 -LEADER | |
|---|---|
| fixed length control field | 00767nam a2200205 a 4500 |
| 008 - FIXED-LENGTH DATA ELEMENTS--GENERAL INFORMATION | |
| fixed length control field | 120416s1987 ||||||||||||||||| || u |
| 020 ## - INTERNATIONAL STANDARD BOOK NUMBER | |
| International Standard Book Number | 0582647053 |
| 050 ## - LIBRARY OF CONGRESS CALL NUMBER | |
| Classification number | QK 391 Ber |
| 100 ## - MAIN ENTRY--PERSONAL NAME | |
| Personal name | Berrie, G. K |
| 245 10 - TITLE STATEMENT | |
| Title | Tropical plant science |
| 260 ## - PUBLICATION, DISTRIBUTION, ETC. | |
| Place of publication, distribution, etc. | Essex |
| Name of publisher, distributor, etc. | Longman Scientific & Technical Wiley |
| Date of publication, distribution, etc. | 1987 |
| 300 ## - PHYSICAL DESCRIPTION | |
| Extent | vi, 410 p. : ill. |
| 350 ## - | |
| -- | 0.00 |
| 650 ## - SUBJECT ADDED ENTRY--TOPICAL TERM | |
| Topical term or geographic name entry element | BOTANY |
| 650 ## - SUBJECT ADDED ENTRY--TOPICAL TERM | |
| Topical term or geographic name entry element | BOTANY--TROPICS |
| 700 ## - ADDED ENTRY--PERSONAL NAME | |
| Personal name | Berrie, A |
| 700 ## - ADDED ENTRY--PERSONAL NAME | |
| Personal name | Eze, J. M. O |
| 995 ## - | |
| -- | BINDERY (DAMAGED) |
| -- | 0.00 |
| -- | 728843 |
| -- | CBU-MAIN LIBRARY (Kitwe) |
| -- | 2 |
| -- | 18.50 |
| -- | QK 391 Ber |
| -- | 2 |
| -- | DAMAGED |
| -- | 020717 |
| -- | Main Library Open Access Collection |
| 995 ## - | |
| -- | BINDERY (DAMAGED) |
| -- | 0.00 |
| -- | 728842 |
| -- | CBU-MAIN LIBRARY (Kitwe) |
| -- | 1 |
| -- | 18.50 |
| -- | QK 391 Ber |
| -- | 1 |
| -- | DAMAGED |
| -- | 020716 |
| -- | Main Library Open Access Collection |
| 999 ## - | |
| -- | 81448 |
| -- | 81448 |
| Withdrawn status | Lost status | Source of classification or shelving scheme | Damaged status | Not for loan | Permanent Location | Current Location | Shelving location | Date acquired | Total Checkouts | Full call number | Barcode | Date last seen | Copy number | Price effective from | Koha item type |
|---|---|---|---|---|---|---|---|---|---|---|---|---|---|---|---|
| CBU-MAIN LIBRARY, KITWE. | CBU-MAIN LIBRARY, KITWE. | 08/18/2023 | QK 391 Ber | 020717 | 08/18/2023 | 1 | 08/18/2023 | MONOGRAPH | |||||||
| CBU-MAIN LIBRARY, KITWE. | CBU-MAIN LIBRARY, KITWE. | 08/18/2023 | QK 391 Ber | 020716 | 08/18/2023 | 2 | 08/18/2023 | MONOGRAPH |